Statistics for NCAA College Teams by State: Mississippi

Click here to take the quiz!

General Stats

  • This quiz has been taken 24 times
  • The average score is 7 of 11

Answer Stats

% Correct
Division I-AMississippi StateBulldogs
100%
Division I-AOle MissRebels
100%
Division I-ASouthern MissGolden Eagles
95%
Division I-AAJackson StateTigers
79%
Division I-AAMississippi Valley StateDelta Devils
74%
Division I-AAAlcorn StateBraves
58%
Division IIDelta StateStatesmen
42%
Division IIMississippi CollegeChoctaws
37%
Division IIIBelhavenBlazers
26%
Division IIIMillsapsMajors
26%
Division IIIMUWOwls
26%

Score Distribution

Percentile by Number Answered

Percent of People with Each Score

Your Score History

You have not taken this quiz